[Event "7th Sigeman & Co"]
[Site "Malmo SWE"]
[Date "1999.06.08"]
[Round "1"]
[White "Hall, Jesper"]
[Black "Lautier, Joel"]
[Result "1/2-1/2"]
[WhiteElo "2486"]
[BlackElo "2613"]
[EventDate "1999.06.??"]
[PlyCount "49"]

1.e4 c5 2.Nf3 d6 3.d4 cxd4 4.Nxd4 Nf6 5.Nc3 a6 6.f4 Nbd7 7.Nf3 Qc7 8.Bd3 
g6 9.O-O Bg7 10.Qe1 b5 11.e5 dxe5 12.fxe5 Ng4 13.e6 fxe6 14.Qe4 Qa7+ 15.
Kh1 Ndf6 16.Qe2 O-O 17.Bd2 Kh8 18.a4 b4 19.Ne4 Nxe4 20.Qxe4 e5 21.Qe1 Bf5 
22.h3 Bxd3 23.cxd3 e4 24.dxe4 Ne5 25.Nxe5 1/2-1/2

[Event "7th Sigeman & Co"]
[Site "Malmo SWE"]
[Date "1999.06.08"]
[Round "1"]
[White "Karlsson, Lars"]
[Black "Akesson, Ralf"]
[Result "1/2-1/2"]
[WhiteElo "2470"]
[BlackElo "2530"]
[EventDate "1999.06.??"]
[PlyCount "71"]

1.Nf3 Nf6 2.g3 b6 3.Bg2 Bb7 4.O-O c5 5.c4 e6 6.b3 Be7 7.Bb2 O-O 8.e3 d6 9.
Qe2 Nbd7 10.Nc3 a6 11.Rfd1 Qc7 12.Rac1 Rfe8 13.d4 cxd4 14.exd4 Bf8 15.Qd2 
Rad8 16.d5 e5 17.Rf1 g6 18.Ng5 h6 19.Nge4 Nxe4 20.Nxe4 f5 21.Nc3 Bg7 22.
Kh1 Re7 23.f4 Rde8 24.Ne2 Kh7 25.Rce1 b5 26.cxb5 axb5 27.fxe5 Bxe5 28.Nd4 
Qb6 29.Nc6 Bxc6 30.dxc6 Nf6 31.Bxe5 dxe5 32.Qf2 Qxf2 33.Rxf2 e4 34.Rc2 Re5
35.Bf1 Nd5 36.c7 1/2-1/2

[Event "7th Sigeman & Co"]
[Site "Malmo SWE"]
[Date "1999.06.09"]
[Round "2"]
[White "Lautier, Joel"]
[Black "Karlsson, Lars"]
[Result "1-0"]
[WhiteElo "2613"]
[BlackElo "2470"]
[EventDate "1999.06.??"]
[PlyCount "83"]

1.d4 f5 2.g3 Nf6 3.Bg2 e6 4.Nf3 d5 5.O-O Bd6 6.c4 O-O 7.c5 Be7 8.b4 b6 9.
Bb2 a5 10.a3 c6 11.Ne5 Nfd7 12.Nd3 axb4 13.axb4 Rxa1 14.Bxa1 bxc5 15.bxc5 
e5 16.dxe5 Nxc5 17.Nxc5 Bxc5 18.Nd2 Kh8 19.Qc2 Bb6 20.Nb3 f4 21.Bd4 Bxd4 
22.Nxd4 Qb6 23.Qc3 Bg4 24.h3 Bc8 25.g4 c5 26.Rc1 Nd7 27.Bxd5 Nxe5 28.Qxc5 
Qxc5 29.Rxc5 Nd7 30.Rc7 Nf6 31.Be6 Bxe6 32.Nxe6 Re8 33.Nxg7 Rxe2 34.Nf5 h5
35.Kf1 Re5 36.Rf7 Nd5 37.g5 Re6 38.h4 Ra6 39.Kg2 Rb6 40.Rd7 Rb5 41.Rd8+ 
Kh7 42.Rxd5 1-0

[Event "7th Sigeman & Co"]
[Site "Malmo SWE"]
[Date "1999.06.10"]
[Round "3"]
[White "Hall, Jesper"]
[Black "Agrest, Evgenij"]
[Result "1/2-1/2"]
[WhiteElo "2486"]
[BlackElo "2533"]
[EventDate "1999.06.??"]
[PlyCount "50"]

1.e4 c5 2.Nf3 d6 3.d4 Nf6 4.Nc3 cxd4 5.Nxd4 a6 6.f4 Nbd7 7.Nf3 Qc7 8.Bd3 
g6 9.O-O Bg7 10.Qe1 b5 11.e5 dxe5 12.fxe5 Ng4 13.e6 fxe6 14.Qh4 Nde5 15.
Nxe5 Nxe5 16.Be4 Bb7 17.Bxb7 Qxb7 18.Bh6 Bxh6 19.Qxh6 Ng4 20.Qf4 Nf6 21.
Qe3 Qa7 22.Rae1 Qxe3+ 23.Rxe3 Nd5 24.Nxd5 exd5 25.Rd1 Rd8 1/2-1/2

[Event "7th Sigeman & Co"]
[Site "Malmo SWE"]
[Date "1999.06.10"]
[Round "3"]
[White "Hector, Jonny"]
[Black "Timman, Jan"]
[Result "0-1"]
[WhiteElo "2542"]
[BlackElo "2670"]
[EventDate "1999.06.??"]
[PlyCount "106"]

1.e4 e6 2.d4 d5 3.Nc3 Bb4 4.e5 Ne7 5.Bd2 b6 6.Nce2 Bxd2+ 7.Qxd2 c5 8.Nf3 
Ba6 9.g3 Nbc6 10.c3 Rc8 11.Bh3 Na5 12.O-O cxd4 13.Nfxd4 Nc4 14.Qd3 b5 15.
Nf4 O-O 16.Qe2 Nc6 17.Nd3 Qb6 18.Nxc6 Rxc6 19.Nb4 Rc7 20.Nxa6 Qxa6 21.a4 
Qb6 22.axb5 Qxb5 23.Rfb1 Qb3 24.Bg4 Rb8 25.Qe1 Nxb2 26.Bd1 Qc4 27.Qd2 Rcb7
28.Be2 Qc5 29.Qd4 Qxd4 30.cxd4 g6 31.Ra6 Rb4 32.Rxa7 Rxd4 33.Rc1 Ra4 34.
Rd7 Re4 35.Rcc7 Rf8 36.Rc2 Na4 37.Bb5 Rb4 38.Bxa4 Rxa4 39.Kg2 g5 40.f3 Kg7
41.g4 h5 42.gxh5 Kh6 43.Rcc7 Rf4 44.Kg3 Kxh5 45.h4 Rf5 46.hxg5 Rxg5+ 47.
Kf4 Rf5+ 48.Kg3 Rg8+ 49.Kf2 Kg6 50.Rc1 Ra8 51.Rg1+ Kh6 52.Rg3 Ra2+ 53.Kf1 
Rh5 0-1

[Event "7th Sigeman & Co"]
[Site "Malmo SWE"]
[Date "1999.06.11"]
[Round "4"]
[White "Agrest, Evgenij"]
[Black "Karlsson, Lars"]
[Result "1-0"]
[WhiteElo "2533"]
[BlackElo "2470"]
[EventDate "1999.06.??"]
[PlyCount "151"]

1.Nf3 c5 2.c4 g6 3.d4 cxd4 4.Nxd4 Bg7 5.e4 Nc6 6.Be3 Nf6 7.Nc3 d6 8.Be2 
O-O 9.O-O Bd7 10.Qd2 Nxd4 11.Bxd4 Bc6 12.f3 a5 13.b3 Nd7 14.Bf2 Nc5 15.
Rab1 Qc7 16.Rfd1 Rfc8 17.Bf1 Qd8 18.Qe1 Qf8 19.Nd5 Bxd5 20.Rxd5 e6 21.Rdd1
Qe7 22.Kh1 Be5 23.g3 Qc7 24.Bg2 Bf6 25.Qe3 Rab8 26.Bf1 Be7 27.Be1 Nd7 28.
Rbc1 Ra8 29.Bg2 Qc5 30.Qd2 Qc7 31.Bf2 Rd8 32.Be3 Nc5 33.Bd4 Bf8 34.Qb2 Qc6
35.Qe2 Bg7 36.Bf2 Qb6 37.Be1 Qc7 38.f4 Qb6 39.Rc2 Qc7 40.Qe3 Bh6 41.Qf2 
Rab8 42.Qe2 Bg7 43.Qd2 Ra8 44.Qe3 Bh6 45.Qf3 Rab8 46.Bf2 Bf8 47.Qe2 Qb6 
48.Rcd2 Qc7 49.Bd4 Bg7 50.Bxg7 Kxg7 51.e5 Qb6 52.Rxd6 Rxd6 53.exd6 Rd8 54.
Qe5+ Kg8 55.Qd4 Qb4 56.g4 a4 57.bxa4 Qxa4 58.Rf1 b6 59.f5 Qd7 60.fxg6 fxg6
61.Rd1 Qa4 62.Rd2 Qa3 63.Bc6 Qh3 64.Rd1 Nd7 65.Bg2 Qh4 66.a4 Qg5 67.h3 Nc5
68.Re1 Qh4 69.Rf1 Qg3 70.Rf4 g5 71.Rf1 Qxd6 72.Qf6 Qd2 73.Qf7+ Kh8 74.Qe7 
Kg8 75.a5 Qd6 76.Rf8+ 1-0

[Event "7th Sigeman & Co"]
[Site "Malmo SWE"]
[Date "1999.06.11"]
[Round "4"]
[White "Hector, Jonny"]
[Black "Hall, Jesper"]
[Result "0-1"]
[WhiteElo "2542"]
[BlackElo "2486"]
[EventDate "1999.06.??"]
[PlyCount "84"]

1.e4 e6 2.d4 d5 3.Nc3 Nc6 4.Nge2 dxe4 5.Nxe4 Nf6 6.Nxf6+ Qxf6 7.Be3 b6 8.
Qd2 Bb7 9.O-O-O h6 10.c3 O-O-O 11.Qc2 e5 12.d5 Ne7 13.c4 Nf5 14.Ng3 Nxe3 
15.fxe3 Qg5 16.Qf2 Bc5 17.Rd3 Rhf8 18.Ne4 Qe7 19.g4 g6 20.Bh3 f6 21.Rf1 
Kb8 22.Qc2 Bc8 23.Nxc5 Qxc5 24.Rc3 h5 25.Qg2 hxg4 26.Bxg4 f5 27.Be2 Rh8 
28.Qg5 Rd7 29.h4 Rdh7 30.Rh1 Qe7 31.Rg1 Qxg5 32.Rxg5 Rxh4 33.Rxg6 Rh1+ 34.
Kd2 R1h2 35.Rc1 f4 36.Rf1 Bh3 37.Rf3 Bf5 38.Rg5 Be4 39.Rf1 f3 40.Rxe5 fxe2
41.Re1 Bf3 42.Rf5 Rf2 0-1

[Event "7th Sigeman & Co"]
[Site "Malmo SWE"]
[Date "1999.06.11"]
[Round "4"]
[White "Movsesian, Sergei"]
[Black "Gelfand, Boris"]
[Result "0-1"]
[WhiteElo "2650"]
[BlackElo "2691"]
[EventDate "1999.06.??"]
[PlyCount "82"]

1.e4 c5 2.Nf3 d6 3.d4 cxd4 4.Nxd4 Nf6 5.Nc3 a6 6.Be3 e5 7.Nb3 Be6 8.f3 h5 
9.Qd2 Nbd7 10.a4 Nb6 11.Qf2 Nc4 12.Bxc4 Bxc4 13.Nd2 Be6 14.O-O Be7 15.Rfd1
Qc7 16.Nf1 h4 17.h3 Qc6 18.Bg5 Ng4 19.fxg4 Bxg5 20.Nd5 Rc8 21.c3 Qc5 22.
Nfe3 g6 23.Rd3 Bxd5 24.Nxd5 O-O 25.Ne3 b5 26.Kh1 bxa4 27.Qf3 Rb8 28.Nd1 
Qc6 29.Rd5 Rb5 30.Qd3 Rd8 31.c4 Rc5 32.Ne3 Qb6 33.Rxa4 Qxb2 34.Rxa6 Qc1+ 
35.Nd1 Qxc4 36.Raxd6 Rxd5 37.Rxd8+ Rxd8 38.Qxc4 Rxd1+ 39.Kh2 Bf4+ 40.g3 
hxg3+ 41.Kg2 Rd2+ 0-1

[Event "7th Sigeman & Co"]
[Site "Malmo SWE"]
[Date "1999.06.13"]
[Round "6"]
[White "Timman, Jan"]
[Black "Lautier, Joel"]
[Result "1/2-1/2"]
[WhiteElo "2670"]
[BlackElo "2613"]
[EventDate "1999.06.??"]
[PlyCount "112"]

1.d4 d5 2.c4 c6 3.Nf3 e6 4.Qc2 dxc4 5.Qxc4 Nf6 6.g3 b5 7.Qc2 Bb7 8.Bg2 
Nbd7 9.a4 c5 10.axb5 cxd4 11.O-O Bc5 12.Bg5 Rc8 13.Nbd2 O-O 14.Qd3 h6 15.
Bxf6 Qxf6 16.Ng5 Qxg5 17.Bxb7 Rc7 18.f4 Qe7 19.Bc6 Nf6 20.Nc4 Nd5 21.Bxd5 
exd5 22.Ne5 Re8 23.Rf2 Bb6 24.Kg2 Qb4 25.Rb1 Rc5 26.Qf5 Rc7 27.Qd3 Qd6 28.
Rd1 Rcc8 29.h4 f6 30.Qg6 Qe6 31.Nc6 d3 32.Qxd3 Bxf2 33.Kxf2 Kh8 34.f5 Qd7 
35.Qxd5 Qb7 36.Rd4 a6 37.Ne5 Qxd5 38.Ng6+ Kh7 39.Rxd5 axb5 40.Rxb5 Rb8 41.
Rxb8 Rxb8 42.Nf4 Rxb2 43.Nh5 Rb5 44.g4 Kg8 45.Kf3 Kf7 46.Ng3 Rb4 47.Nh5 
Rb3+ 48.e3 Rb2 49.Nf4 Rh2 50.Kg3 Rh1 51.Nh5 Kf8 52.Nf4 Kf7 53.Nh5 g6 54.
fxg6+ Kxg6 55.Nf4+ Kf7 56.h5 Rg1+ 1/2-1/2

[Event "7th Sigeman & Co"]
[Site "Malmo SWE"]
[Date "1999.06.14"]
[Round "6"]
[White "Hall, Jesper"]
[Black "Karlsson, Lars"]
[Result "1/2-1/2"]
[WhiteElo "2486"]
[BlackElo "2470"]
[EventDate "1999.06.??"]
[PlyCount "101"]

1.e4 e6 2.d4 d5 3.Nc3 Bb4 4.e5 Ne7 5.a3 Bxc3+ 6.bxc3 c5 7.h4 Nbc6 8.h5 Qa5
9.Bd2 Bd7 10.h6 gxh6 11.Nf3 O-O-O 12.Bd3 Rhg8 13.Kf1 Nf5 14.Bxf5 exf5 15.
Rxh6 Rg4 16.Nh2 Qb5+ 17.Kg1 Re4 18.Rb1 Qc4 19.Bg5 Rg8 20.Qh5 Qa2 21.Rf1 
Rg6 22.Rxh7 Be6 23.Nf3 Rg4 24.Rh6 Rxh6 25.Qxh6 Qxc2 26.Nh2 Rxg5 27.Qxg5 
Qxc3 28.dxc5 Qxc5 29.Qc1 b6 30.Nf3 Kb7 31.Qb2 Na5 32.a4 Nc4 33.Qc3 Bd7 34.
Ra1 a5 35.Ng5 Be6 36.Rb1 d4 37.Qf3+ Qc6 38.Qf4 Qd5 39.Nf3 d3 40.Rd1 Qe4 
41.Qc1 Bd5 42.Qc3 d2 43.Qd4 Qxd4 44.Nxd4 Bc6 45.Nb5 Bxb5 46.axb5 a4 47.Kf1
a3 48.Ke2 Nb2 49.Rxd2 a2 50.Rd7+ Kb8 51.Rd8+ 1/2-1/2

[Event "7th Sigeman & Co"]
[Site "Malmo SWE"]
[Date "1999.06.14"]
[Round "6"]
[White "Hector, Jonny"]
[Black "Gelfand, Boris"]
[Result "1/2-1/2"]
[WhiteElo "2542"]
[BlackElo "2691"]
[EventDate "1999.06.??"]
[PlyCount "32"]

1.e4 c5 2.Nf3 d6 3.d4 cxd4 4.Nxd4 Nf6 5.Nc3 a6 6.Bg5 e6 7.f4 Nbd7 8.Qf3 
Qc7 9.O-O-O b5 10.e5 Bb7 11.Qh3 dxe5 12.Nxe6 fxe6 13.Qxe6+ Be7 14.Bxf6 
gxf6 15.Be2 h5 16.Nd5 Bxd5 1/2-1/2

[Event "7th Sigeman & Co"]
[Site "Malmo SWE"]
[Date "1999.06.15"]
[Round "7"]
[White "Akesson, Ralf"]
[Black "Agrest, Evgenij"]
[Result "0-1"]
[WhiteElo "2530"]
[BlackElo "2533"]
[EventDate "1999.06.??"]
[PlyCount "118"]

1.d4 Nf6 2.c4 e6 3.Nf3 b6 4.g3 Ba6 5.b3 b5 6.cxb5 Bxb5 7.Bg2 c5 8.O-O Bc6 
9.Bb2 Be7 10.Nbd2 cxd4 11.Nc4 O-O 12.Rc1 Bd5 13.Nxd4 Bxg2 14.Kxg2 Qc7 15.
Qd3 Qb7+ 16.Qf3 Qxf3+ 17.Kxf3 d5 18.Na5 Ne4 19.Rc2 Na6 20.a3 Nac5 21.Ndc6 
Bd6 22.Rfc1 Rfe8 23.b4 Nd7 24.Kg2 e5 25.Rd1 Nef6 26.Nc4 Bc7 27.Ne3 Nb6 28.
Na5 Bd6 29.Nf5 Bf8 30.Rc6 Nfd7 31.Rdc1 Rec8 32.Rxc8 Rxc8 33.Rxc8 Nxc8 34.
f4 f6 35.fxe5 fxe5 36.Nc6 d4 37.Kf3 g6 38.Nh4 Kf7 39.Ke4 Ke6 40.Nf3 Nf6+ 
41.Kd3 e4+ 42.Kxd4 exf3 43.exf3 Nd7 44.Kc4 Nd6+ 45.Kd3 a6 46.Nd4+ Kd5 47.
f4 Bg7 48.Bc3 Ne4 49.Ne2 Nf2+ 50.Kc2 Bxc3 51.Kxc3 Ng4 52.h3 Nf2 53.h4 Nf6 
54.a4 h5 55.Kb3 N6e4 56.a5 Nd6 57.Nc3+ Kc6 58.Ne2 Nfe4 59.Kc2 Nf5 0-1

[Event "7th Sigeman & Co"]
[Site "Malmo SWE"]
[Date "1999.06.15"]
[Round "7"]
[White "Karlsson, Lars"]
[Black "Timman, Jan"]
[Result "1/2-1/2"]
[WhiteElo "2470"]
[BlackElo "2670"]
[EventDate "1999.06.??"]
[PlyCount "51"]

1.Nf3 Nf6 2.g3 g6 3.b3 Bg7 4.Bb2 d6 5.Bg2 e5 6.O-O O-O 7.c4 Nh5 8.d4 e4 9.
Ne1 f5 10.Nc3 c6 11.d5 c5 12.e3 Nd7 13.f3 exf3 14.Bxf3 Nhf6 15.Nd3 Qe7 16.
Qe2 Re8 17.Rae1 Ne4 18.Qc2 a6 19.Bg2 Ndf6 20.Nf4 b5 21.cxb5 axb5 22.Nxb5 
Ba6 23.a4 Bh6 24.Bxf6 Nxf6 25.Ne6 Bxb5 26.axb5 1/2-1/2

[Event "7th Sigeman & Co"]
[Site "Malmo SWE"]
[Date "1999.06.15"]
[Round "7"]
[White "Lautier, Joel"]
[Black "Movsesian, Sergei"]
[Result "1/2-1/2"]
[WhiteElo "2613"]
[BlackElo "2650"]
[EventDate "1999.06.??"]
[PlyCount "181"]

1.e4 c5 2.Nf3 Nc6 3.d4 cxd4 4.Nxd4 Qc7 5.Nc3 e6 6.Be2 a6 7.O-O Nf6 8.Be3 
Be7 9.f4 d6 10.Qe1 Nxd4 11.Bxd4 b5 12.a3 Bb7 13.Qg3 Bc6 14.Kh1 O-O 15.Rae1
Qb7 16.Bd3 b4 17.Nd1 bxa3 18.bxa3 Rac8 19.Ne3 Bxe4 20.Bxf6 Bxf6 21.Ng4 
Bxd3 22.Nxf6+ Kh8 23.Rb1 Qe7 24.Qxd3 Qxf6 25.Qxd6 Rfd8 26.Qxa6 Rxc2 27.
Rbd1 h6 28.Rxd8+ Qxd8 29.Qb7 Qd3 30.Rg1 f5 31.h3 Qxa3 32.Rf1 Kh7 33.Kh2 
Rc3 34.Qd7 Re3 35.Rd1 Qb3 36.Qd6 Re4 37.Rf1 Qc2 38.Qd7 Qc4 39.Rf3 Qc5 40.
Rg3 Qf8 41.Qc7 Qf6 42.Rf3 Qd4 43.Rf1 Qd2 44.Qb8 Qd5 45.Rf3 Re1 46.Qb6 Qd1 
47.Kg3 Re2 48.Kh2 Qd2 49.Qg1 Qd6 50.Kh1 Re4 51.Qc1 Rd4 52.Rf1 Qd5 53.Kh2 
Rd2 54.Rf3 Qd6 55.Qe1 Rd4 56.Qg3 g5 57.fxg5 hxg5 58.Ra3 Kg6 59.Ra8 Qxg3+ 
60.Kxg3 Rd3+ 61.Kf2 f4 62.Rh8 e5 63.h4 gxh4 64.Rxh4 Kf5 65.Rh8 Rd2+ 66.Kf1
Ke4 67.Rh5 Kd4 68.Rf5 e4 69.Rxf4 Ke3 70.g3 Kd3 71.Rf8 Rd1+ 72.Kg2 e3 73.
Rd8+ Kc2 74.Re8 Kd2 75.Rd8+ Ke1 76.Re8 e2 77.Kf3 Rd3+ 78.Kg4 Kd2 79.Kf4 
Rd4+ 80.Kf5 Rd5+ 81.Kf4 e1=Q 82.Rxe1 Kxe1 83.g4 Ke2 84.g5 Rd6 85.Kf5 Ke3 
86.g6 Rd8 87.g7 Ra8 88.Kf6 Kf4 89.Kf7 Kf5 90.g8=Q Rxg8 91.Kxg8 1/2-1/2

[Event "7th Sigeman & Co"]
[Site "Malmo SWE"]
[Date "1999.06.16"]
[Round "8"]
[White "Hector, Jonny"]
[Black "Akesson, Ralf"]
[Result "1-0"]
[WhiteElo "2542"]
[BlackElo "2530"]
[EventDate "1999.06.??"]
[PlyCount "78"]

1.e4 c5 2.Nf3 e6 3.d4 cxd4 4.Nxd4 a6 5.Nc3 b5 6.Bd3 Qb6 7.Nf3 Qc7 8.O-O 
Bb7 9.Bg5 b4 10.Nb1 Nf6 11.Nbd2 Nc6 12.Nc4 d6 13.Rc1 Be7 14.c3 O-O 15.Bb1 
bxc3 16.Rxc3 Rfd8 17.Qc2 Rac8 18.e5 dxe5 19.Ncxe5 g6 20.Qa4 Nd5 21.Nxc6 
Bxc6 22.Qh4 f6 23.Rxc6 Qxc6 24.Bd2 Qb6 25.Qg3 Bd6 26.Qg4 Bf8 27.h4 f5 28.
Qg3 Bd6 29.Qg5 Qxb2 30.h5 Qf6 31.hxg6 hxg6 32.Qh6 Bf8 33.Qh3 Rd7 34.Ng5 
Nc3 35.Bd3 Rcc7 36.Rc1 Nxa2 37.Re1 Rc6 38.Rxe6 Rxe6 39.Bc4 Rd6 1-0

[Event "7th Sigeman & Co"]
[Site "Malmo SWE"]
[Date "1999.06.16"]
[Round "8"]
[White "Karlsson, Lars"]
[Black "Gelfand, Boris"]
[Result "1/2-1/2"]
[WhiteElo "2470"]
[BlackElo "2691"]
[EventDate "1999.06.??"]
[PlyCount "30"]

1.c4 e5 2.g3 Nf6 3.Bg2 d5 4.cxd5 Nxd5 5.Nc3 Nb6 6.Nf3 Nc6 7.d3 Be7 8.Be3 
O-O 9.O-O Be6 10.Qc1 Nd5 11.Rd1 Nxe3 12.Qxe3 Bf6 13.Ne4 Bd5 14.Nc3 Be6 15.
Ne4 Bd5 1/2-1/2

[Event "7th Sigeman & Co"]
[Site "Malmo SWE"]
[Date "1999.06.17"]
[Round "9"]
[White "Akesson, Ralf"]
[Black "Hall, Jesper"]
[Result "1/2-1/2"]
[WhiteElo "2530"]
[BlackElo "2486"]
[EventDate "1999.06.??"]
[PlyCount "20"]

1.Nf3 c5 2.c4 Nc6 3.d4 cxd4 4.Nxd4 Nf6 5.Nc3 e6 6.a3 Be7 7.e4 O-O 8.Be2 d5
9.exd5 exd5 10.O-O Nxd4 1/2-1/2